Colores (Registro nro. 12375)
[ vista simple ]
| 000 -LIDER | |
|---|---|
| fixed length control field | 00441nam a2200181 4500 |
| 003 - IDENTIFICACDOR DE NÚMERO DE CONTROL | |
| control field | DO-SdBNP |
| 005 - DATE AND TIME OF LATEST TRANSACTION | |
| control field | 20180215112051.0 |
| 008 - ELEMENTOS DE LONGITUD FIJA | |
| fixed length control field | 161208b1986 sp||||| |||| 00| 0 spa d |
| 020 ## - ISBN | |
| International Standard Book Number | 8475253857 |
| 040 ## - FUENTE DE CATALOGACIÓN | |
| Agencia que crea de manera original el registro | BPMSU |
| Idioma de catalogación | spa |
| Agencia que realiza la transcripción | BPMSU |
| 100 ## - ASIENTO PRINCIPAL -- NOMBRE PERSONAL | |
| Nombre personal | Thomson, Ruth |
| 245 ## - MENCIÓN DE TITULO | |
| Título | Colores |
| 260 ## - PUBLICACIÓN, DISTRIBUCIÓN, ETC. (PIE DE IMPRENTA) | |
| Lugar de publicación, distribución, etc | Madrid : |
| Nombre del editor, distribuidor, etc. | Anaya , |
| Fecha de publicación, distribución, etc | 1986 |
| 300 ## - DESCRIPCIÓN FÍSICA | |
| Extensión | 16 : |
| Otros detalles físicos | il. : |
| Dimensiones | 24 cm |
| 942 ## - ADDED ENTRY ELEMENTS (KOHA) | |
| Source of classification or shelving scheme | Dewey Decimal Classification |
| Koha item type | Libros |
| 945 ## - INFORMACIÓN DE PROCESAMIENTO LOCAL | |
| Información de procesamiento local | Inventariado, 2018 / BT |
| 956 ## - LOCAL ELECTRONIC LOCATION AND ACCESS (OCLC) | |
| Nombre de host | dgarcia |
| Withdrawn status | Lost status | Source of classification or shelving scheme | Damaged status | Not for loan | Collection code | Home library | Current library | Date acquired | Source of acquisition | Total Checkouts | Barcode | Date last seen | Price effective from | Koha item type |
|---|---|---|---|---|---|---|---|---|---|---|---|---|---|---|
| Dewey Decimal Classification | Colección Infantil General | Biblioteca Pública Metropolitana Salomé Ureña | Biblioteca Pública Metropolitana Salomé Ureña | 12/08/2016 | Agencia de cooperación internacional del Japón | BPMSU16120237 | 12/08/2016 | 12/08/2016 | Libros |